Movies Quiz

Random Movies or Actress Quiz

Movie Cast Match (2011) Quiz Stats

 Plays Quiz Updated Feb 16, 2015

Challenge
Share
Tweet
Embed
Score 0/40 Timer 08:00
2 Plays Today
% Correct
The Twilight Saga: Breaking Dawn - Part 1
90.7%
Fast Five
87.5%
Mission: Impossible - Ghost Protocol
85.8%
Bridesmaids
85.3%
Pirates of the Caribbean: On Stranger Tides
83.1%
Bad Teacher
83.1%
Puss in Boots
81.9%
Thor
81.3%
Cars 2
79.1%
Horrible Bosses
77.6%
Moneyball
77.2%
Rango
76.7%
Captain America: The First Avenger
75.1%
The Help
74.3%
The Girl with the Dragon Tattoo
73.6%
Crazy, Stupid, Love.
70.2%
The Muppets
69.8%
Cowboys & Aliens
69.3%
Green Lantern
68.8%
Water for Elephants
68.1%
% Correct
The Descendants
65.6%
Limitless
63.3%
We Bought a Zoo
63.1%
Rise of the Planet of the Apes
61.5%
The Green Hornet
61.3%
J. Edgar
61.3%
50|50
59.2%
Drive
56.8%
The Adjustment Bureau
56.8%
Midnight in Paris
55.3%
The Ides of March
55.1%
The Artist
54.3%
In Time
53.6%
My Week with Marilyn
52.1%
Hanna
44.7%
The Tree of Life
40.3%
Unknown
40%
The Cabin in the Woods
38.2%
Contagion
37.3%
The Intouchables
25%

You're not logged in!

Compare scores with friends on all Sporcle quizzes.
OR
Log In

You Might Also Like...

Show Comments

Extras

Top Quizzes Today


Score Distribution

Your Account Isn't Verified!

In order to create a playlist on Sporcle, you need to verify the email address you used during registration. Go to your Sporcle Settings to finish the process.

Report this User

Report this user for behavior that violates our Community Guidelines.

Details: